| 000 | 01591nam a2200481 i 4500 | ||
|---|---|---|---|
| 001 | 23728 | ||
| 003 | KOSZ 005 | ||
| 005 | 20210811125424.0 | ||
| 008 | 981023s1987 pl a |000 0 pol | ||
| 015 | _aUWD 1987/7824 | ||
| 020 | _a8301069112 | ||
| 035 | _a991007327259705066 | ||
| 035 | _a(PL-WaBN)b11902097-48omnis_nlop | ||
| 035 | _ab11902097 | ||
| 035 | _a(OCoLC)749678307 | ||
| 035 | _azz2005870918 | ||
| 035 | _a(PL)b0000001190209 | ||
| 035 | _a(EXLNZ-48OMNIS_NETWORK)9910258985705606 | ||
| 040 |
_aWA N _cWA N _dKR U _dKOSZ 005/HR |
||
| 041 | 0 | _apol | |
| 046 | _k1987 | ||
| 080 | _a658.5 | ||
| 100 | 1 |
_aJackowicz, Ryszard _eAutor |
|
| 245 | 1 | 0 |
_aPodstawy projektowania struktur przedsiębiorstw przemysłowych / _cRyszard Jackowicz, Stanisław Lis. |
| 260 |
_aWarszawa : _bPaństwowe Wydawnictwo Naukowe, _c1987. |
||
| 300 |
_a296 s. : _brys., wykr. ; _c24 cm. |
||
| 336 |
_aTekst _btxt _2rdacontent |
||
| 337 |
_aBez urządzenia pośredniczącego _bn _2rdamedia |
||
| 338 |
_aWolumin _bnc _2rdacarrier |
||
| 380 | _aKsiążki | ||
| 388 | _a1901-2000 | ||
| 388 | _a1945-1989 | ||
| 504 | _aBibliogr. s. 291-296. | ||
| 650 | 7 |
_aProdukcja _2DBN |
|
| 650 | 7 |
_aPrzedsiębiorstwo _2DBN |
|
| 650 | 7 | _aOrganizacja | |
| 658 | _aZarządzanie i marketing | ||
| 700 | 1 |
_aLis, Stanisław _d(1928-2018) _eAutor |
|
| 710 |
_aPaństwowe Wydawnictwo Naukowe _4pbl |
||
| 856 |
_uhttp://koha.tu.koszalin.pl/cgi-bin/koha/opac-detail.pl?biblionumber=23728 _yKatalog online BPK |
||
| 942 |
_2UKD _cKS |
||
| 999 |
_c23728 _d23728 |
||